[Event "37th Reykjavik op"]
[Site "Reykjavik ISL"]
[Date "2024.03.16"]
[Round "3.10"]
[White "Steingrimsson, Hedinn"]
[Black "Thorfinnsson, Bragi"]
[WhiteElo "2477"]
[BlackElo "2397"]
[Result "1-0"]
[EventDate "2024.03.15"]
[PlyCount "81"]

1. d4 { [%eval 0.15] [%clk 1:30:58] } 1... d5 { [%eval 0.25] [%clk 1:30:11] } 2. c4 { [%eval 0.26] [%clk 1:31:24] } 2... e6 { [%eval 0.28] [%clk 1:30:35] } 3. Nc3 { [%eval 0.24] [%clk 1:31:49] } 3... Nf6 { [%eval 0.21] [%clk 1:27:53] } 4. cxd5 { [%eval 0.39] [%clk 1:31:12] } 4... exd5 { [%eval 0.25] [%clk 1:27:09] } 5. Bg5 { [%eval 0.19] [%clk 1:31:38] } 5... c6 { [%eval 0.38] [%clk 1:24:58] } 6. e3 { [%eval 0.26] [%clk 1:29:35] } 6... Bd6 { [%eval 0.42] [%clk 1:24:07] } 7. Bd3 { [%eval 0.57] [%clk 1:29:36] } 7... Be6 { [%eval 0.54] [%clk 1:22:08] } 8. Nge2 { [%eval 0.6] [%clk 1:19:47] } 8... h6 { [%eval 0.69] [%clk 1:19:33] } 9. Bf4 { [%eval 0.58] [%clk 1:19:06] } 9... O-O { [%eval 0.65] [%clk 1:16:11] } 10. h3 { [%eval 0.61] [%clk 1:14:59] } 10... a5 { [%eval 0.77] [%clk 1:14:20] } 11. O-O { [%eval 0.64] [%clk 1:13:30] } 11... Na6 { [%eval 0.67] [%clk 1:11:36] } 12. Rc1 { [%eval 0.71] [%clk 1:10:42] } 12... Re8 { [%eval 0.73] [%clk 1:06:44] } 13. Bxd6 { [%eval 0.66] [%clk 1:06:11] } 13... Qxd6 { [%eval 0.66] [%clk 1:07:06] } 14. Ng3 { [%eval 0.45] [%clk 1:06:27] } 14... b5 { [%eval 0.75] [%clk 0:43:35] } 15. a4 { [%eval 0.67] [%clk 1:04:25] } 15... bxa4 { [%eval 0.63] [%clk 0:42:13] } 16. Bxa6 { [%eval 0.69] [%clk 0:55:10] } 16... Rxa6 { [%eval 0.6] [%clk 0:42:30] } 17. Nxa4 { [%eval 0.65] [%clk 0:55:37] } 17... Nd7 { [%eval 0.92] [%clk 0:40:39] } 18. Rc3 { [%eval 0.91] [%clk 0:53:32] } 18... Rb8 { [%eval 0.82] [%clk 0:40:26] } 19. Qc2 { [%eval 0.92] [%clk 0:42:14] } 19... Rb4 { [%eval 0.81] [%clk 0:37:32] } 20. Ra1 { [%eval 0.77] [%clk 0:36:43] } 20... g6 { [%eval 0.87] [%clk 0:35:56] } 21. Nf1 { [%eval 0.74] [%clk 0:35:16] } 21... Bf5 { [%eval 0.73] [%clk 0:34:12] } 22. Qd1 { [%eval 0.66] [%clk 0:35:01] } 22... Qb8 { [%eval 0.76] [%clk 0:28:14] } 23. Ng3 { [%eval 0.83] [%clk 0:25:54] } 23... Be6 { [%eval 0.78] [%clk 0:27:50] } 24. Ne2 { [%eval 0.79] [%clk 0:25:12] } 24... Qd8?! { [%eval 1.43] } { Inaccuracy. h5 was best. } { [%clk 0:18:52] } (24... h5 25. b3) 25. Nf4 { [%eval 1.16] [%clk 0:23:35] } 25... Qe7?! { [%eval 2.35] } { Inaccuracy. Bf5 was best. } { [%clk 0:18:26] } (25... Bf5) 26. Qe2 { [%eval 2.42] [%clk 0:22:01] } 26... Rc4 { [%eval 2.35] [%clk 0:18:21] } 27. Rxc4 { [%eval 2.29] [%clk 0:17:12] } 27... dxc4 { [%eval 2.39] [%clk 0:18:43] } 28. Nxe6 { [%eval 2.32] [%clk 0:17:21] } 28... Qxe6 { [%eval 2.39] [%clk 0:19:09] } 29. Rc1 { [%eval 2.46] [%clk 0:17:47] } 29... h5 { [%eval 2.51] [%clk 0:17:57] } 30. Qxc4 { [%eval 2.28] [%clk 0:07:52] } 30... Qxc4 { [%eval 2.18] [%clk 0:18:18] } 31. Rxc4 { [%eval 2.22] [%clk 0:08:21] } 31... Kf8 { [%eval 2.27] [%clk 0:18:41] } 32. e4 { [%eval 2.05] [%clk 0:04:50] } 32... Ke7 { [%eval 1.97] [%clk 0:18:37] } 33. f3 { [%eval 1.95] [%clk 0:02:25] } 33... f6 { [%eval 2.03] [%clk 0:18:37] } 34. Kf2 { [%eval 2.22] [%clk 0:02:42] } 34... Kd6 { [%eval 2.37] [%clk 0:18:53] } 35. Rc3 { [%eval 2.13] [%clk 0:02:27] } 35... Ra7 { [%eval 2.35] [%clk 0:18:00] } 36. Rb3 { [%eval 2.32] [%clk 0:02:31] } 36... g5 { [%eval 2.42] [%clk 0:17:32] } 37. g3 { [%eval 2.48] [%clk 0:02:04] } 37... c5?! { [%eval 3.35] } { Inaccuracy. Nf8 was best. } { [%clk 0:14:17] } (37... Nf8 38. Ke3) 38. d5 { [%eval 3.33] [%clk 0:02:11] } 38... g4 { [%eval 3.85] [%clk 0:13:54] } 39. hxg4 { [%eval 4.0] [%clk 0:02:14] } 39... hxg4 { [%eval 4.04] [%clk 0:14:20] } 40. f4 { [%eval 4.18] [%clk 0:01:15] } 40... f5 { [%eval 3.77] [%clk 0:14:31] } 41. Nc3 { [%eval 3.75] [%clk 0:01:15] } 1-0

[Event "37th Reykjavik op"]
[Site "Reykjavik ISL"]
[Date "2024.03.16"]
[Round "3.11"]
[White "Larkin, Vladyslav"]
[Black "Lu, Maximillian"]
[WhiteElo "2450"]
[BlackElo "2375"]
[Result "0-1"]
[EventDate "2024.03.15"]
[PlyCount "108"]

1. e4 { [%eval 0.13] [%clk 1:30:57] } 1... c5 { [%eval 0.33] [%clk 1:30:55] } 2. Nc3 { [%eval 0.24] [%clk 1:31:06] } 2... d6 { [%eval 0.0] [%clk 1:29:47] } 3. g3 { [%eval 0.05] [%clk 1:31:04] } 3... Nc6 { [%eval 0.0] [%clk 1:30:06] } 4. Bg2 { [%eval 0.0] [%clk 1:31:29] } 4... g6 { [%eval 0.0] [%clk 1:30:29] } 5. Nh3 { [%eval -0.37] [%clk 1:21:38] } 5... Bg7 { [%eval -0.42] [%clk 1:30:49] } 6. O-O { [%eval -0.51] [%clk 1:21:55] } 6... e6 { [%eval -0.4] [%clk 1:28:40] } 7. d3 { [%eval -0.4] [%clk 1:14:01] } 7... Rb8 { [%eval -0.37] [%clk 1:25:50] } 8. Bg5 { [%eval -0.51] [%clk 1:12:12] } 8... Nge7 { [%eval -0.45] [%clk 1:21:04] } 9. Qd2 { [%eval -0.58] [%clk 1:12:25] } 9... h6 { [%eval -0.72] [%clk 1:15:52] } 10. Be3 { [%eval -0.71] [%clk 1:12:40] } 10... b5 { [%eval -0.8] [%clk 1:15:44] } 11. Kh1 { [%eval -0.71] [%clk 0:32:02] } 11... a5 { [%eval -0.68] [%clk 1:07:57] } 12. Rab1 { [%eval -0.84] [%clk 0:29:57] } 12... Ba6 { [%eval -0.72] [%clk 1:05:25] } 13. g4 { [%eval -0.83] [%clk 0:29:06] } 13... b4 { [%eval -0.75] [%clk 1:04:10] } 14. Ne2 { [%eval -0.87] [%clk 0:29:16] } 14... Ne5 { [%eval -0.88] [%clk 1:04:06] } 15. g5 { [%eval -1.42] [%clk 0:25:31] } 15... hxg5 { [%eval -1.46] [%clk 1:00:30] } 16. Bxg5 { [%eval -1.39] [%clk 0:25:50] } 16... f6 { [%eval -1.31] [%clk 0:46:47] } 17. Be3 { [%eval -1.24] [%clk 0:23:58] } 17... Ng4 { [%eval -1.37] [%clk 0:38:14] } 18. f3 { [%eval -1.57] [%clk 0:12:54] } 18... Nxe3 { [%eval -1.62] [%clk 0:34:56] } 19. Qxe3 { [%eval -1.56] [%clk 0:13:19] } 19... Qd7 { [%eval -1.11] [%clk 0:19:35] } 20. f4 { [%eval -1.08] [%clk 0:12:32] } 20... Kf7 { [%eval -1.03] [%clk 0:19:41] } 21. b3 { [%eval -1.27] [%clk 0:11:52] } 21... Rh4 { [%eval -1.38] [%clk 0:18:59] } 22. Neg1 { [%eval -1.69] [%clk 0:10:43] } 22... Rbh8 { [%eval -1.64] [%clk 0:18:19] } 23. Qg3 { [%eval -1.9] [%clk 0:11:07] } 23... Bb7 { [%eval -1.73] [%clk 0:14:09] } 24. a3 { [%eval -2.23] [%clk 0:11:13] } 24... f5 { [%eval -2.19] [%clk 0:10:13] } 25. axb4 { [%eval -2.21] [%clk 0:10:13] } 25... axb4 { [%eval -2.16] [%clk 0:10:33] } 26. Nf3 { [%eval -2.3] [%clk 0:09:39] } 26... Rg4 { [%eval -2.15] [%clk 0:09:55] } 27. Qf2 { [%eval -2.16] [%clk 0:09:39] } 27... Kg8 { [%eval -2.01] [%clk 0:09:11] } 28. Qe2 { [%eval -2.41] [%clk 0:08:03] } 28... e5 { [%eval -2.47] [%clk 0:06:07] } 29. Ra1 { [%eval -2.75] [%clk 0:06:42] } 29... fxe4 { [%eval -2.68] [%clk 0:03:44] } 30. dxe4 { [%eval -2.94] [%clk 0:07:09] } 30... Rxg2 { [%eval -2.94] [%clk 0:02:25] } 31. Qxg2 { [%eval -3.03] [%clk 0:07:00] } 31... Rxh3 { [%eval -2.99] [%clk 0:01:54] } 32. Ra7 { [%eval -2.69] [%clk 0:07:07] } 32... Rh5 { [%eval -2.73] [%clk 0:01:10] } 33. fxe5 { [%eval -2.55] [%clk 0:07:05] } 33... dxe5 { [%eval -2.42] [%clk 0:00:59] } 34. Rf2 { [%eval -3.1] [%clk 0:06:27] } 34... Qc6 { [%eval -3.22] [%clk 0:00:41] } 35. Qg4 { [%eval -3.05] [%clk 0:06:10] } 35... Nc8?? { [%eval 0.0] } { Blunder. Bf6 was best. } { [%clk 0:00:34] } (35... Bf6 36. Rg2 Kf7 37. Re2 Kg7 38. Re1 Kh6 39. Re3 Qb6 40. Ra1 Bc8 41. Qg2 g5 42. Qe2) 36. Rxb7 { [%eval -0.05] [%clk 0:05:47] } 36... Qxb7 { [%eval -0.02] [%clk 0:01:03] } 37. Qxg6? { [%eval -1.28] } { Mistake. Rd2 was best. } { [%clk 0:06:11] } (37. Rd2) 37... Qf7 { [%eval -1.33] [%clk 0:01:17] } 38. Qc6 { [%eval -1.35] [%clk 0:05:38] } 38... Ne7 { [%eval -1.36] [%clk 0:01:19] } 39. Qxc5 { [%eval -1.42] [%clk 0:06:00] } 39... Qe6 { [%eval -1.28] [%clk 0:00:45] } 40. Rg2 { [%eval -1.22] [%clk 0:05:57] } 40... Qf6 { [%eval -1.25] [%clk 0:00:34] } 41. Rg3 { [%eval -1.46] [%clk 0:05:18] } 41... Nc6 { [%eval -1.57] [%clk 0:25:55] } 42. Kg2 { [%eval -1.55] [%clk 0:34:59] } 42... Kh8 { [%eval -1.38] [%clk 0:20:03] } 43. Qb5 { [%eval -1.63] [%clk 0:32:09] } 43... Rh6 { [%eval -1.72] [%clk 0:16:50] } 44. Qb7 { [%eval -1.72] [%clk 0:21:36] } 44... Rg6 { [%eval -1.73] [%clk 0:14:27] } 45. Qc8+ { [%eval -2.3] [%clk 0:22:00] } 45... Kh7 { [%eval -2.11] [%clk 0:14:43] } 46. Qh3+ { [%eval -2.22] [%clk 0:16:07] } 46... Bh6 { [%eval -2.14] [%clk 0:15:11] } 47. Qd7+ { [%eval -2.03] [%clk 0:16:31] } 47... Ne7 { [%eval -1.77] [%clk 0:14:56] } 48. Kf2?! { [%eval -2.41] } { Inaccuracy. Rxg6 was best. } { [%clk 0:15:55] } (48. Rxg6) 48... Bf4 { [%eval -2.4] [%clk 0:14:32] } 49. Rxg6 { [%eval -2.31] [%clk 0:16:07] } 49... Kxg6 { [%eval -2.37] [%clk 0:15:00] } 50. h4 { [%eval -2.96] [%clk 0:15:51] } 50... Qb6+ { [%eval -3.03] [%clk 0:14:17] } 51. Kg2 { [%eval -3.39] [%clk 0:16:09] } 51... Qe3 { [%eval -3.23] [%clk 0:09:11] } 52. Qe6+?! { [%eval -4.91] } { Inaccuracy. h5+ was best. } { [%clk 0:14:42] } (52. h5+ Kf7 53. Qd3 Qxd3 54. cxd3 Nc6 55. Kh3 Na5 56. d4 Nxb3 57. dxe5 Nc5 58. Nd4 Be3) 52... Kh5 { [%eval -4.74] [%clk 0:09:33] } 53. Qf7+ { [%eval -4.99] [%clk 0:12:11] } 53... Ng6 { [%eval -4.9] [%clk 0:09:37] } 54. Qh7+ { [%eval -6.09] [%clk 0:11:35] } 54... Bh6 { [%eval -5.71] [%clk 0:10:05] } 0-1

[Event "37th Reykjavik op"]
[Site "Reykjavik ISL"]
[Date "2024.03.16"]
[Round "3.13"]
[White "Mammadzada, Gunay"]
[Black "Dauner, Benedikt"]
[WhiteElo "2449"]
[BlackElo "2366"]
[Result "1/2-1/2"]
[EventDate "2024.03.15"]
[PlyCount "55"]

1. Nf3 { [%eval 0.2] [%clk 1:30:30] } 1... d5 { [%eval 0.2] [%clk 1:30:35] } 2. d4 { [%eval 0.1] [%clk 1:30:40] } 2... Nf6 { [%eval 0.24] } 3. c4 { [%eval 0.0] [%clk 1:30:49] } 3... e6 { [%eval 0.12] [%clk 1:31:12] } 4. g3 { [%eval 0.07] [%clk 1:31:13] } 4... Be7 { [%eval 0.22] [%clk 1:30:58] } 5. Bg2 { [%eval 0.17] [%clk 1:31:37] } 5... O-O { [%eval 0.18] [%clk 1:31:21] } 6. O-O { [%eval 0.3] [%clk 1:32:00] } 6... Nbd7 { [%eval 0.49] [%clk 1:31:38] } 7. Qd3 { [%eval 0.34] [%clk 1:32:01] } 7... b6 { [%eval 0.32] [%clk 1:27:04] } 8. cxd5 { [%eval 0.32] [%clk 1:18:37] } 8... exd5 { [%eval 0.34] [%clk 1:27:17] } 9. Nc3 { [%eval 0.28] [%clk 1:18:14] } 9... Bb7 { [%eval 0.28] [%clk 1:26:34] } 10. Nh4 { [%eval 0.2] [%clk 1:08:26] } 10... Re8 { [%eval 0.26] [%clk 1:21:24] } 11. Nf5 { [%eval 0.24] [%clk 1:07:35] } 11... Bf8 { [%eval 0.14] [%clk 1:21:33] } 12. Bg5 { [%eval 0.11] [%clk 1:03:57] } 12... Qc8 { [%eval 0.53] [%clk 1:10:38] } 13. Rac1 { [%eval 0.57] [%clk 1:01:31] } 13... Ne4 { [%eval 0.52] [%clk 0:57:11] } 14. Bf4 { [%eval 0.38] [%clk 0:49:53] } 14... c5 { [%eval 0.35] [%clk 0:44:52] } 15. Nxe4 { [%eval 0.23] [%clk 0:36:13] } 15... dxe4 { [%eval 0.2] [%clk 0:45:16] } 16. Qb3 { [%eval 0.22] [%clk 0:31:57] } 16... Qc6 { [%eval 0.28] [%clk 0:39:45] } 17. Rfd1 { [%eval 0.21] [%clk 0:29:27] } 17... Qf6?! { [%eval 1.05] } { Inaccuracy. Qg6 was best. } { [%clk 0:37:15] } (17... Qg6 18. Bh3 Nf6 19. dxc5 Bc8 20. cxb6 axb6 21. Nh4 Qh5 22. Rxc8 Rexc8 23. Bxc8 Rxc8 24. Be3) 18. Ne3?! { [%eval 0.07] } { Inaccuracy. Bh3 was best. } { [%clk 0:25:14] } (18. Bh3 Red8 19. d5 g6 20. Ne3 Bd6 21. Qa4 Bxf4 22. gxf4 Nf8 23. Qxe4 Re8 24. Qf3 Qxb2) 18... cxd4 { [%eval 0.08] [%clk 0:18:48] } 19. Nd5 { [%eval 0.05] [%clk 0:25:27] } 19... Qf5 { [%eval 0.02] [%clk 0:10:52] } 20. Rxd4 { [%eval 0.12] [%clk 0:17:45] } 20... Nc5 { [%eval 0.03] [%clk 0:11:04] } 21. Qd1 { [%eval 0.12] [%clk 0:17:58] } 21... Rad8 { [%eval 0.11] [%clk 0:09:09] } 22. Nc7 { [%eval 0.0] [%clk 0:16:29] } 22... Rxd4 { [%eval 0.0] [%clk 0:08:39] } 23. Qxd4 { [%eval 0.0] [%clk 0:16:55] } 23... Rc8 { [%eval 0.0] [%clk 0:08:30] } 24. h4 { [%eval 0.0] [%clk 0:14:12] } 24... Ne6 { [%eval 0.0] [%clk 0:08:05] } 25. Nxe6 { [%eval 0.0] [%clk 0:11:41] } 25... Rxc1+ { [%eval 0.04] [%clk 0:08:30] } 26. Bxc1 { [%eval 0.0] [%clk 0:12:08] } 26... Qxe6 { [%eval 0.0] [%clk 0:08:54] } 27. b3 { [%eval 0.0] [%clk 0:08:37] } 27... Qd5 { [%eval 0.0] [%clk 0:09:12] } 28. Bb2 { [%eval -0.05] [%clk 0:07:28] } 1/2-1/2

[Event "37th Reykjavik op"]
[Site "Reykjavik ISL"]
[Date "2024.03.16"]
[Round "3.14"]
[White "Sidhant, Mohapatra"]
[Black "Chasin, Nico"]
[WhiteElo "2379"]
[BlackElo "2447"]
[Result "1/2-1/2"]
[EventDate "2024.03.15"]
[PlyCount "40"]

1. e4 { [%eval 0.13] [%clk 1:30:58] } 1... c5 { [%eval 0.33] [%clk 1:26:43] } 2. Nf3 { [%eval 0.22] [%clk 1:31:20] } 2... Nc6 { [%eval 0.31] [%clk 1:26:38] } 3. Bb5 { [%eval 0.25] [%clk 1:31:05] } 3... e6 { [%eval 0.47] [%clk 1:27:00] } 4. Bxc6 { [%eval 0.0] [%clk 1:27:24] } 4... bxc6 { [%eval 0.35] [%clk 1:27:11] } 5. d3 { [%eval 0.3] [%clk 1:26:32] } 5... Qc7 { [%eval 0.21] [%clk 1:27:20] } 6. Nbd2 { [%eval 0.0] [%clk 1:24:58] } 6... Ne7 { [%eval 0.48] [%clk 1:27:37] } 7. O-O { [%eval 0.05] [%clk 1:24:05] } 7... Ng6 { [%eval 0.07] [%clk 1:27:08] } 8. Re1 { [%eval 0.04] [%clk 1:24:06] } 8... f6 { [%eval 0.13] [%clk 1:25:54] } 9. a3 { [%eval -0.09] [%clk 1:23:09] } 9... Be7 { [%eval 0.05] [%clk 1:25:21] } 10. c3 { [%eval -0.12] [%clk 1:19:25] } 10... a5 { [%eval -0.02] [%clk 1:20:41] } 11. a4 { [%eval -0.4] [%clk 1:15:09] } 11... O-O { [%eval -0.47] [%clk 1:20:28] } 12. b3 { [%eval -0.61] [%clk 1:14:50] } 12... e5 { [%eval -0.65] [%clk 1:18:12] } 13. Nc4 { [%eval -0.9] [%clk 1:13:31] } 13... d5 { [%eval -0.84] [%clk 1:14:19] } 14. Ne3 { [%eval -0.85] [%clk 1:13:56] } 14... f5 { [%eval -0.43] [%clk 1:14:32] } 15. exd5 { [%eval -0.26] [%clk 1:10:12] } 15... Bb7?! { [%eval 0.8] } { Inaccuracy. Rd8 was best. } { [%clk 1:13:48] } (15... Rd8 16. d6) 16. d6 { [%eval 0.44] [%clk 1:08:59] } 16... Bxd6 { [%eval 0.45] [%clk 1:12:29] } 17. Nc4 { [%eval 0.48] [%clk 1:09:24] } 17... Ba6 { [%eval 0.57] [%clk 1:11:43] } 18. Nxd6 { [%eval 0.6] [%clk 1:06:36] } 18... Qxd6 { [%eval 0.54] [%clk 1:12:11] } 19. Nxe5 { [%eval 0.55] [%clk 1:06:59] } 19... Nxe5 { [%eval 0.62] [%clk 1:12:30] } 20. Bf4 { [%eval 0.68] [%clk 1:07:26] } 20... Qxd3 { [%clk 1:12:30] } 1/2-1/2